The Clovis, New Mexico story /

Bibliographic Details
Main Author: Stanley, F. (Francis), 1908-
Format: Book
Language:English
Published: [Pampa, Tex.], [publisher not identified] ; [1966]
Subjects:

MARC

Tag First Indicator Second Indicator Subfields
LEADER 00000cam a2200000 4500
001 in00000444530
005 20151012065858.0
008 760322s1966 txu b 00010 engm
010 |a  67001070  
035 |a (OCoLC)02061708 
035 |9 ABW4656AM 
040 |a DLC  |c AQM  |d SER  |d TXA  |d UtOrBLW 
049 |a TXAM  |c 2 [478491]  |a TXAS  |c 1 [1090356]  |a TXAS [dyks]  |c 3 
050 0 0 |a F804.C92  |b C7 
082 0 |a 978.9/27 
100 1 |a Stanley, F.  |q (Francis),  |d 1908- 
245 1 4 |a The Clovis, New Mexico story /  |c by F. Stanley. 
264 1 |a [Pampa, Tex.],  |b [publisher not identified] ;  |c [1966] 
300 |a x, 358 pages ;  |c 23 cm. 
336 |a text  |b txt  |2 rdacontent 
337 |a unmediated  |b n  |2 rdamedia 
338 |a volume  |b nc  |2 rdacarrier 
500 |a "Limited to 500 copies." 
500 |a Both of the Cushing Library/Dykes Collection copies are signed by the author on the front free endpaper. 
504 |a Bibliography: pages 329-334. 
651 0 |a Clovis (N.M.)  |x History. 
999 |a MARS 
999 f f |s 75d3d3fb-0196-358c-9793-798caab40465  |i 71a94df0-298e-3c04-857d-f8f95d3c8f10  |t 0 
952 f f |p ric  |a Texas A&M University  |b Rellis Campus  |c Joint Library Facility  |d Remote Storage  |t 0  |e F804.C92 C7  |h Library of Congress classification  |i unmediated -- volume  |m A14809960995 
952 f f |p noncirc  |a Texas A&M University  |b College Station  |c Cushing Memorial Library & Archives  |d Cushing: Dykes (Does not check out)  |t 0  |e F804.C92 C7 1966  |h Library of Congress classification  |i unmediated -- volume  |m A14851733445 
952 f f |p noncirc  |a Texas A&M University  |b College Station  |c Cushing Memorial Library & Archives  |d Cushing: Dykes (Does not check out)  |t 0  |e F804.C92 C7 1966  |h Library of Congress classification  |i unmediated -- volume  |m A14851733437 
998 f f |a F804.C92 C7  |t 0  |l Remote Storage 
998 f f |a F804.C92 C7 1966  |t 0  |l Cushing: Dykes (Does not check out) 
998 f f |a F804.C92 C7 1966  |t 0  |l Cushing: Dykes (Does not check out)